000 00312nam a2200109Ia 4500
005 20251222114338.0
008 251222s1900||||xx |||||||||||||| ||spa||
082 _aDVD0192.1/A39/2008
245 0 _aAlecrim: Wawanchipa Wasin.
264 _bEl Centro Producciones. Universidad Católica Sedes Sapientiae.
942 _cDVD
999 _c765
_d765